| 000 | 00380nam a2200121 4500 | ||
|---|---|---|---|
| 999 |
_c10430 _d10430 |
||
| 008 | 180829b ||||| |||| 00| 0 eng d | ||
| 100 |
_930612 _aCastillo, Bomie Lane S. |
||
| 245 |
_aHR violation complaints by teachers sent to DND/ _cBomie Lane S. Castillo |
||
| 260 |
_aDavao City _bSun Star Davao _cc2017 |
||
| 300 | _apage 4. | ||
| 650 | 0 |
_930613 _aHuman rights. |
|
| 942 |
_2ddc _cPER |
||